000 00674nmm a2200193Ia 4500
008 251105s9999||||xx |||||||||||||||||und||
020 _a9788478279753
041 _aspa
100 _aGonzález Arévalo, Carlos
245 0 _aEducación física : Complementos de formación disciplinar
264 _a[Madrid, España] :
_bMinisterio de Educación, Cultura y Deporte de España,
_c2010
300 _a135 páginas
490 _aFormación del profesorado. Educación secundaria
650 _aEducation
700 _aGonzález Arévalo, Carlos
700 1 _a Lleixà Arribas, Teresa (coords.)
856 _uhttps://public.digitaliapublishing.com/a/30249
942 _cCF
999 _c66276
_d66276